Rast konkurenčnej výkonnosti - významný predpoklad úspešného vstupu slovenskej ekonomiky do Európskej únie

Analýza hospodárskej situácie a vývoj slovenskej ekonomiky pred vstupom do EÚ. Perspektívy vývoja ekonomiky. Schopnosti krajiny flexibilne vytvárať priaznivé rozvojové podmienky na rozširovanie kooperačných alebo iných vzájomných vzťahov so svojimi ekonomickými partnermi. Využitie komparatívnych výh...

Ausführliche Beschreibung

Gespeichert in:
Bibliographische Detailangaben
1. Verfasser: Baláž, Peter
Weitere Verfasser: Trenčianska, Elena
Format: Buchkapitel
Sprache:Slowakisch
Schlagworte:
Tags: Tag hinzufügen
Keine Tags, Fügen Sie das erste Tag hinzu!

MARC

LEADER 00000naa a2200000 4500
001 r041638
005 20230825104014.7
041 0 |a slo 
044 |a SK 
245 1 0 |a Rast konkurenčnej výkonnosti - významný predpoklad úspešného vstupu slovenskej ekonomiky do Európskej únie  |c Peter Baláž, Elena Trenčianska 
520 |a Analýza hospodárskej situácie a vývoj slovenskej ekonomiky pred vstupom do EÚ. Perspektívy vývoja ekonomiky. Schopnosti krajiny flexibilne vytvárať priaznivé rozvojové podmienky na rozširovanie kooperačných alebo iných vzájomných vzťahov so svojimi ekonomickými partnermi. Využitie komparatívnych výhod. Otváranie sa vstupu priamych zahraničných investícií. 
610 2 0 |a situácia hospodárska 
610 2 0 |a Slovensko 
610 2 0 |a prostredie ekonomické 
610 2 0 |a transformácia 
610 2 0 |a výkonnosť 
610 2 0 |a konkurencieschopnosť 
610 2 0 |a výhody komparatívne 
610 2 0 |a politika hospodárska 
610 2 0 |a investície priame zahraničné 
100 1 |a Baláž, Peter 
700 1 |a Trenčianska, Elena